| 000 | 00538nam a22001457a 4500 | ||
|---|---|---|---|
| 003 | 0 | ||
| 005 | 20221008091831.0 | ||
| 008 | 221008b xxu||||| |||| 00| 0 eng d | ||
| 050 |
_aBF637 _b.B85 2022 |
||
| 245 |
_aHuman connectedness and social anxiety among bachelor of science nursing student with heavy-use of social media during the pandemic _cAlliah Keith O. Bulaon |
||
| 260 |
_aLas Pinas City _bSouthville International School and Colleges _cC2022 |
||
| 300 |
_aix,117pp. _c28cm _fTheses |
||
| 500 | _aSocial anxiety. | ||
| 942 |
_2lcc _cTH |
||
| 999 |
_c364844 _d364844 |
||